Estudios económicos

Saved in:
Bibliographic Details
Main Author: Rodríguez, Z (Author)
Format: Book
Language:Spanish
Published: Valparaíso Del Comercio 1893
Subjects:
Tags: Add Tag
No Tags, Be the first to tag this record!

MARC

LEADER 00000nam a2200000 a 4500
001 UCR4406
003 CL-VaPUC
008 980307e18930000CL |||||||||||||||||spa|d
082 0 4 |a 330  |b ROD  |2 21 
100 0 |a Rodríguez, Z  |e author  |9 404454 
245 1 0 |a Estudios económicos 
300 |a 200 p 
942 |c BK 
945 |d 19980307 00:00:00  |a aolguin 
260 |a Valparaíso  |b Del Comercio  |c 1893 
650 0 |a Economía   |9 255568 
650 0 |a Comercio  |9 255341 
650 0 |a Derecho económico   |9 259197 
650 0 |a Precios   |9 260787 
650 7 |a EXPORTACIONES  |2 CL-VaPUC  |9 255382 
650 0 |a Sistema monetario   |9 371822 
650 0 |a Valor económico   |9 352307 
583 |a last modification  |c 19980307 00:00:00  |k Rodrigo Vera 
999 |c 267349  |d 267347 
952 |0 0  |1 0  |2 ddc  |4 0  |6 330_000000000000000_ROD_1893  |7 0  |8 C_LRYV  |9 299630  |a BIBDER  |b BIBDER  |d 2019-11-20  |i 1953842  |o 330 ROD 1893  |p 1953842  |r 2023-01-25  |w 2019-11-20  |y BK_X  |k BRV